000 00768nam a22002177a 4500
005 20100825161735.0
010 _aENG-101380
020 _a9788180386220
_c1995.00
035 _aEN-84913
037 _bDBAD/PUB
082 _a343.0998
100 _aBasu, Durga Das
_917186
245 _aLaw of the Press /
_cby Durga Das Basu
250 _b5rd rev. ed.
260 _aGurgaon
_bLexis Nexis
_c2010
270 _a14 th Floor Building No 10 Tower -B DLF Cyber City Phase II
_bGurgaon
_e122002
300 _alviii,1150p
_c25cm(Hb)
500 _aincludes index
942 _2ddc
_cEN
_h343.0998
_mBAS
999 _c43086
_d43086